The Contaminated Land (England) Regulations 2000 (Record no. 103057)

MARC details
000 -LEADER
fixed length control field 00747cad a22002175a 4500
001 - CONTROL NUMBER
control field L123572
008 - FIXED-LENGTH DATA ELEMENTS--GENERAL INFORMATION
fixed length control field 030911s2000 xxk 000 0 eng u
020 ## - INTERNATIONAL STANDARD BOOK NUMBER
International Standard Book Number 0110859014
035 ## - SYSTEM CONTROL NUMBER
System control number (Sirsi) u123572
110 2# - MAIN ENTRY--CORPORATE NAME
Corporate name or jurisdiction name as entry element United Kingdom
Form subheading Laws, etc.
9 (RLIN) 5044
245 04 - TITLE STATEMENT
Title The Contaminated Land (England) Regulations 2000
Medium [electrnic resource]
260 ## - PUBLICATION, DISTRIBUTION, ETC.
Place of publication, distribution, etc. Stationery Office
Name of publisher, distributor, etc. London
Date of publication, distribution, etc. 2000
490 ## - SERIES STATEMENT
Series statement SI
Volume/sequential designation 2000:227
520 ## - SUMMARY, ETC.
Summary, etc. Made 2nd February 2000. Came into force 1 April 2000.
650 ## - SUBJECT ADDED ENTRY--TOPICAL TERM
Topical term or geographic name entry element CONTAMINATED LAND
650 ## - SUBJECT ADDED ENTRY--TOPICAL TERM
Topical term or geographic name entry element REGULATIONS
651 #4 - SUBJECT ADDED ENTRY--GEOGRAPHIC NAME
Geographic name England
Chronological subdivision 886-
690 ## - LOCAL SUBJECT ADDED ENTRY--TOPICAL TERM (OCLC, RLIN)
Topical term or geographic name as entry element Environment
9 (RLIN) 6238
856 40 - ELECTRONIC LOCATION AND ACCESS
Uniform Resource Identifier <a href="https://www.legislation.gov.uk/uksi/2000/227/contents/made">https://www.legislation.gov.uk/uksi/2000/227/contents/made</a>
Public note View the item free of charge at www.legislation.gov.uk
942 ## - ADDED ENTRY ELEMENTS (KOHA)
Suppress in OPAC 0
Holdings
Withdrawn status Lost status Source of classification or shelving scheme Damaged status Not for loan Home library Current library Shelving location Date acquired Total Checkouts Full call number Barcode Date last seen Copy number Price effective from Koha item type
    Dewey Decimal Classification     Virtual Virtual Online 11/09/2003   ONLINE PUBLICATION 123572-1001 06/08/2019 1 06/08/2019 Book